Graz Sehenswürdigkeiten - Bildquiz - Statistiken

Allgemein
  • Dieses Quiz wurde 140 mal gespielt
  • Das Durchschnittsergebnis liegt bei 9 aus 15
Antwortstatistiken
Bildquiz Antwort % Korrekt
Uhrturm
98%
Murinsel
93%
Rathaus
88%
Schloßbergbahn
83%
Kunsthaus
81%
Schloss Eggenberg
78%
Doppelwendeltreppe
59%
Basilika Mariatrost
56%
Oper
56%
Herz Jesu Kirche
53%
Dom
52%
Glockenturm
36%
Franziskanerkloster
27%
Burggarten
18%
Zisterne
15%
Keine übereinstimmenden Quizze gefunden
Verteilung der Resultate
Anzahl Personen mit jedem Resultat
Perzentil nach korrekt beantworteten Fragen
Ihre Resultats-Entwicklung
Sie haben dieses Quiz noch nicht gespielt